Дело по вопросу, возникшему в Полтавской губернии, об остатках от сумм, отпускаемых из земства в тюремные комитеты на отопление ...

Доступно только в Электронных читальных залах Найти на картеНа карте
RUSMARC
00003756nmc2a22000003x 450
0013d2619c9-b2e0-4f12-a021-33050d60232d
00520200320150908.0
100##$a20180504l18561859k l0rusy0189 ca
1010#$arus
102##$aRU
2001#$aДело по вопросу, возникшему в Полтавской губернии, об остатках от сумм, отпускаемых из земства в тюремные комитеты на отопление и освещение тюрем
$j1 апреля 1856 г. - 6 марта 1859 г.
251##$cДело
300##$aДело
801#0$aRU
$bРГИА
$c20180504
$gRCR
801#1$aRU
$bГлавНИВЦ
$c20180504
$2rusmarc
801#2$aRU
$bПБ им. Б.Н. Ельцина
$c20200320
$gRCR
$2rusmarc
850##$aРГИА
852##$aРГИА
$eФедеральное казенное учреждение "Российский государственный исторический архив" (РГИА)
$j382
937##$hРГИА
$d12277006
$aASBIBLIO_SCAN
462#0$1001b46a5719-8593-4d30-9a1d-d57613f479cd
$12001
$aДела Департамента полиции исполнительной МВД за 1856 год
$1251
$cОпись
$1852
$j17
$l1856 г.
461#0$10013e300ed0-cd39-49af-8489-5ba5b90fa401
$12001
$aДепартамент полиции исполнительной МВД
$1251
$cФонд
$1852
$j1286
215##$a46 л.
$d36,5х26 см
371##$aДокумент не является опубликованным и широко распространяемым
105##$ay###
1222#$ad
035##$a3d2619c9-b2e0-4f12-a021-33050d60232d
856##$uhttp://readingroom.main.prlib.ru/item.aspx?id_node=n143631564&mode=full
Формат отображения